| Tag |
First Indicator |
Second Indicator |
Subfields |
| LEADER |
00000cam a22000004i 4500 |
| 001 |
in00003517618 |
| 005 |
20151206125744.0 |
| 008 |
130523s2014 enk 000 f eng d |
| 020 |
|
|
|a 9780720610048 (pbk.)
|
| 020 |
|
|
|a 0720610044 (pbk.)
|
| 035 |
|
|
|a (OCoLC)ocn852806553
|
| 040 |
|
|
|a UKM
|e rda
|c UKM
|d YDX
|d CDX
|d NDD
|d OPW
|d VTL
|d UtOrBLW
|
| 041 |
1 |
|
|a eng
|h fin
|
| 049 |
|
|
|a TXAM
|
| 050 |
|
4 |
|a PH355.S5445
|b E5513 2014
|
| 082 |
0 |
|
|a 894.54134
|2 23
|
| 100 |
1 |
|
|a Sinisalo, Johanna,
|d 1958-
|e author.
|
| 240 |
1 |
0 |
|a Enkelten verta.
|l English
|
| 245 |
1 |
4 |
|a The blood of angels /
|c Johanna Sinisalo ; translated from the Finnish by Lola Rogers.
|
| 250 |
|
|
|a English language edition.
|
| 264 |
|
1 |
|a London :
|b Peter Owen,
|c 2014.
|
| 300 |
|
|
|a 221 pages ;
|c 20 cm.
|
| 336 |
|
|
|a text
|b txt
|2 rdacontent
|
| 337 |
|
|
|a unmediated
|b n
|2 rdamedia
|
| 338 |
|
|
|a volume
|b nc
|2 rdacarrier
|
| 500 |
|
|
|a Translated from the Finnish.
|
| 500 |
|
|
|a "Winner, English Pen award"--Cover.
|
| 520 |
|
|
|a It is claimed Albert Einstein said that if bees disappear from the earth, mankind has four years left. When bee-vanishings of unprecedented scale hit the United States, Orvo, a Finnish beekeeper, knows all too well where it will lead. And when he sees the queen dead in his hives one day, it's clear the epidemic has spread to Europe and the world is coming to an end. Orvo's special knowledge of bees just may enable him to glimpse a solution to catastrophe. He takes a desperate step onto a path where only he and the bees know the way but it propels him into conflict with his estranged, but much-loved son, a committed animal activist. A magical plunge into the myth of death and immortality, this is a tale of human blindness in the face of devastation-and the inevitable.
|
| 650 |
|
0 |
|a Bees
|v Fiction.
|
| 650 |
|
0 |
|a Environmental disasters
|v Fiction.
|
| 655 |
|
7 |
|a Science fiction.
|2 lcgft
|
| 700 |
1 |
|
|a Rogers, Lola.
|
| 945 |
|
|
|a PromptCat
|b 71064
|
| 946 |
|
|
|a stk
|
| 947 |
|
|
|a A14842941776
|
| 948 |
|
|
|a cataloged
|b h
|c 2015/2/25
|d c
|e dmitchel
|f 1:10:20 pm
|
| 994 |
|
|
|a 92
|b TXA
|
| 999 |
|
|
|a MARS
|
| 999 |
f |
f |
|s e8cfb34a-859d-3794-90b0-f33306e776c5
|i 3ca8ca22-2e99-3fa1-a1ec-324df7fb082c
|t 0
|
| 952 |
f |
f |
|p normal
|a Texas A&M University
|b College Station
|c Sterling C. Evans Library
|d Evans: Library Stacks
|t 0
|e PH355.S5445 E5513 2014
|h Library of Congress classification
|i unmediated -- volume
|m A14842941776
|
| 998 |
f |
f |
|a PH355.S5445 E5513 2014
|t 0
|l Evans: Library Stacks
|